[Event "XXIX Andorra Open"]
[Site "Arinsal AND"]
[Date "2011.07.21"]
[Round "6.15"]
[White "Hamdouchi, Adina-Maria"]
[Black "Jerez Perez, Alfonso"]
[Result "1/2-1/2"]
[WhiteTitle "WGM"]
[BlackTitle "IM"]
[WhiteElo "2266"]
[BlackElo "2416"]
[WhiteFideId "1206435"]
[BlackFideId "2204100"]
[EventDate "2011.07.16"]
[EventType "swiss"]

1. c4 Nf6 2. g3 e5 3. Bg2 Nc6 4. Nc3 Bc5 5. d3 O-O 6. Nf3 h6 7. O-O d6 8. a3 a6
9. e3 Ba7 10. Nd2 Bg4 11. Qc2 Qd7 12. b4 Bh3 13. Bb2 Bxg2 14. Kxg2 Ne7 15. Nf3
Ng6 16. Rad1 Rae8 17. Ne4 Nh7 18. d4 f5 19. dxe5 fxe4 20. Qxe4 Qf7 21. h4 Nxe5
22. Bxe5 dxe5 23. Nxe5 Qe6 24. f4 c6 25. Qd3 Bb8 26. Nd7 Rf7 27. Rfe1 Nf6 28.
Nxf6+ Rxf6 29. c5 Rf7 30. Kf3 h5 31. Kf2 Bc7 32. Qe2 g6 33. Rd4 Rfe7 34. Qd3 Kh7
35. Re2 Qh3 36. Re1 Rf8 37. Qf1 Qe6 38. Qd3 Rff7 39. Re2 Rd7 40. Rd2 Rxd4 41.
Qxd4 Qe7 42. Kf3 Be5 43. Qc4 Bg7 44. e4 Rf8 45. Rd6 Qe8 46. Ke3 Qc8 47. Qe6 Qxe6
48. Rxe6 Rf7 49. e5 Bf8 50. Re8 Kg7 51. Rd8 Rc7 52. Ke4 Kf7 53. f5 gxf5+ 54.
Kxf5 Ke7 55. Rd6 Rd7 56. Kg6 Rc7 57. Kxh5 Ke8 58. Re6+ Kf7 59. Rf6+ Kg7 60. Kg4
Rd7 61. h5 Be7 62. Rf3 Rd4+ 63. Kf5 a5 64. Ke6 Bg5 65. Rf7+ Kh6 66. Rxb7 axb4
67. axb4 Kxh5 68. b5 cxb5 69. c6 Rc4 70. Kd5 Be3 71. Rxb5 Rc1 72. Kd6 Kg6 73.
Rb3 Bd4 74. e6 Bc5+ 75. Kd7 Rd1+ 76. Ke8 Rd6 77. c7 Rxe6+ 78. Kd7 Rd6+ 79. Ke8
Re6+ 80. Kd8 Rd6+ 81. Ke8 Re6+ 1/2-1/2

[Event "XXIX Andorra Open"]
[Site "Arinsal AND"]
[Date "2011.07.21"]
[Round "6.17"]
[White "Gagarin, Vasilij"]
[Black "Bas Mas, Jose Joaquin"]
[Result "1/2-1/2"]
[WhiteTitle "IM"]
[WhiteElo "2428"]
[BlackElo "2194"]
[WhiteFideId "4103610"]
[BlackFideId "22219064"]
[EventDate "2011.07.16"]
[EventType "swiss"]

1. d4 Nf6 2. c4 c5 3. d5 b5 4. cxb5 a6 5. b6 d6 6. Nc3 g6 7. e4 Nbd7 8. Nf3 Bg7
9. Be2 O-O 10. O-O Rb8 11. a4 Nxb6 12. a5 Na8 13. Nd2 Nd7 14. Nc4 Nc7 15. Na4
Nb5 16. Nab6 Nd4 17. Bd3 Nxb6 18. Nxb6 e6 19. Rb1 exd5 20. exd5 Bb7 21. b4 Re8
22. Bc4 Nb5 23. Bxb5 axb5 24. bxc5 dxc5 25. Be3 Bc3 26. Bxc5 Bxa5 27. Rxb5 Bxb6
28. Bxb6 Qd7 29. Ra5 Re5 30. Be3 Rxd5 31. Rxd5 Qxd5 1/2-1/2

[Event "XXIX Andorra Open"]
[Site "Arinsal AND"]
[Date "2011.07.21"]
[Round "6.18"]
[White "Mascaro March, Pedro"]
[Black "Bautista Sanchez, Joan"]
[Result "1-0"]
[WhiteTitle "IM"]
[WhiteElo "2413"]
[BlackElo "2184"]
[WhiteFideId "2217570"]
[BlackFideId "2213885"]
[EventDate "2011.07.16"]
[EventType "swiss"]

1. d4 Nf6 2. c4 e6 3. Nc3 d5 4. Nf3 Be7 5. Bg5 O-O 6. e3 h6 7. Bxf6 Bxf6 8. Rc1
c6 9. Bd3 Nd7 10. O-O dxc4 11. Bxc4 e5 12. h3 exd4 13. exd4 Nb6 14. Bb3 Bf5 15.
Re1 Qd6 16. Ne5 Rad8 17. Qf3 Bh7 18. a3 a5 19. Red1 Nd5 20. Nxd5 cxd5 21. Re1
Be4 22. Qg3 Qb6 23. Rcd1 Bxe5 24. dxe5 a4 25. Bxa4 Qxb2 26. Qb3 Qxb3 27. Bxb3
Ra8 28. a4 Rfc8 29. Rc1 Rxc1 30. Rxc1 Ra5 31. Rc7 b5 32. Rc5 bxa4 33. Rxa5 axb3
34. Rb5 Bc2 35. f4 g5 36. g3 Kg7 37. Rb6 d4 38. Kf2 gxf4 39. gxf4 h5 40. h4 Kh7
41. Ke2 Kg7 42. Kd2 Kh7 43. Rd6 Bf5 44. Kc1 Be6 45. Rxd4 Kg6 46. Kd2 Kf5 47. Kd3
Kg4 48. Rb4 Kf5 49. Kd2 Kg4 50. Ke2 b2 51. Ke3 Bd5 52. Rxb2 Kxh4 53. Rd2 Be6 54.
Ke4 Kg4 55. Rg2+ Kh3 56. Rg1 h4 57. f5 Bc4 58. Rc1 Ba2 59. Kf4 Bd5 60. Rc2 Ba8
61. e6 fxe6 62. f6 Bd5 63. Ke5 1-0

[Event "XXIX Andorra Open"]
[Site "Arinsal AND"]
[Date "2011.07.21"]
[Round "6.20"]
[White "Klenburg, Mikhail"]
[Black "Mosca, Leonildo"]
[Result "1-0"]
[WhiteTitle "IM"]
[WhiteElo "2412"]
[BlackElo "2127"]
[WhiteFideId "14102072"]
[BlackFideId "808873"]
[EventDate "2011.07.16"]
[EventType "swiss"]

1. Nf3 Nf6 2. g3 b5 3. Bg2 Bb7 4. O-O d5 5. d3 e6 6. Nbd2 Be7 7. b3 Nbd7 8. Bb2
O-O 9. Re1 c5 10. e4 d4 11. c4 dxc3 12. Bxc3 Qb6 13. Qc2 Rac8 14. a4 a6 15. Rec1
Rfd8 16. axb5 Qxb5 17. Nc4 Bc6 18. Nfd2 Ra8 19. Na5 Rdc8 20. Ndc4 Qb8 21. Nxc6
Rxc6 22. Ra3 Bd8 23. Rca1 Bc7 24. f4 Ra7 25. Bf3 h6 26. Qg2 e5 27. f5 Qc8 28. h4
Nh7 29. g4 f6 30. Ne3 Qd8 31. Qc2 Kh8 32. Kg2 Rd6 33. Be2 Nb8 34. Nd5 Nf8 35.
Be1 Nfd7 36. Bf2 Bb6 37. Qc4 Rc6 38. Be3 Rd6 39. Rh1 Rc6 40. g5 fxg5 41. hxg5
Qf8 42. Raa1 1-0

[Event "XXIX Andorra Open"]
[Site "Arinsal AND"]
[Date "2011.07.22"]
[Round "7.2"]
[White "Damljanovic, Branko"]
[Black "Narciso Dublan, Marc"]
[Result "1/2-1/2"]
[WhiteTitle "GM"]
[BlackTitle "GM"]
[WhiteElo "2611"]
[BlackElo "2544"]
[WhiteFideId "900125"]
[BlackFideId "2201500"]
[EventDate "2011.07.16"]
[EventType "swiss"]

1. c4 f5 2. Nf3 g6 3. g3 Bg7 4. d4 Nf6 5. Bg2 O-O 6. O-O c6 7. Nc3 d6 8. b3 Qa5
9. Bd2 Qc7 10. d5 e5 11. dxe6 Na6 12. Bf4 Ne8 13. Rc1 Nc5 14. Nd4 Nxe6 15. Nxe6
Bxe6 16. e4 Be5 17. Qd2 Bxf4 18. Qxf4 fxe4 19. Qxe4 Ng7 20. Qd3 Rad8 21. h3 a6
22. g4 Bc8 23. f4 Ne6 24. Qe3 Rde8 25. Ne4 Qe7 26. Qd2 Rd8 27. g5 Nc5 28. Nf6+
Rxf6 29. gxf6 Qxf6 30. b4 Ne6 31. Rcd1 Ng7 32. Qd4 Qxd4+ 33. Rxd4 Nf5 34. Rd3
Be6 35. Rc1 Rc8 36. Be4 Kf7 37. Kf2 h5 38. Bxf5 Bxf5 39. Rxd6 Bxh3 40. Re1 Bf5
41. Kg3 h4+ 42. Kxh4 Rh8+ 43. Kg3 Rh3+ 44. Kf2 Rc3 45. Rd4 Be6 46. c5 Bd5 47.
Re3 Rc2+ 48. Re2 Rc3 49. a4 Kf6 50. Re8 a5 51. bxa5 Rxc5 52. Rb8 Rxa5 53. Rxb7
g5 54. fxg5+ Kxg5 55. Ke3 Kf6 56. Kd2 Ke5 57. Rh4 Kd6 58. Rb1 Kc5 59. Rc1+ Kb6
60. Rb4+ Kc7 61. Kc3 Kd6 62. Rh4 Kc5 63. Kb2+ Kb6 64. Rb4+ Kc7 65. Ka3 Ra8 66.
Ra1 Ra7 67. Rh4 Kb6 68. Kb4 Rb7 69. Rh8 Ka6+ 70. Kc5 Rb2 71. Kd6 Rb4 72. Re1 Bb3
73. Re5 Bxa4 74. Ree8 Rd4+ 75. Kc7 Kb5 76. Re1 Kc4 77. Kb6 Bb5 78. Rc1+ Kd3 79.
Rh3+ Kd2 80. Ra1 Ra4 81. Rh2+ Ke3 82. Rh3+ Kf2 83. Rb1 Re4 84. Rbb3 Re2 85. Kc5
Rc2+ 86. Kd6 Kg2 87. Rhg3+ Kf2 88. Rbf3+ Ke2 89. Rf5 Rd2+ 90. Kc5 Kd1 91. Re5
Kc2 92. Re4 Rd3 93. Rg2+ Kc3 94. Re1 Rd5+ 95. Kb6 Rd4 96. Rc1+ Kb3 97. Rcc2 Ba4
98. Rc5 Rb4+ 99. Kc7 Rd4 100. Rc1 Rd3 101. Kb6 Bb5 102. Ka5 Rc3 103. Rb1+ Kc4
104. Rg4+ Kc5 105. Rg5+ Kd6 106. Kb6 Re3 107. Rd1+ Ke6 108. Kc7 Kf6 109. Rc5
Re7+ 110. Kd8 Re5 111. Rd6+ Kf5 112. Rcxc6 Bxc6 113. Rxc6 1/2-1/2

[Event "XXIX Andorra Open"]
[Site "Arinsal AND"]
[Date "2011.07.22"]
[Round "7.4"]
[White "Peralta, Fernando"]
[Black "Ibarra Jerez, Jose Carlos"]
[Result "1/2-1/2"]
[WhiteTitle "GM"]
[BlackTitle "IM"]
[WhiteElo "2601"]
[BlackElo "2530"]
[WhiteFideId "105309"]
[BlackFideId "2226332"]
[EventDate "2011.07.16"]
[EventType "swiss"]

1. d4 d5 2. Nf3 c5 3. dxc5 e6 4. e3 Bxc5 5. c4 Nf6 6. cxd5 Nxd5 7. a3 O-O 8. Bd3
Bb6 9. O-O Nc6 10. Qc2 h6 11. b4 Bd7 12. Bb2 Rc8 13. Qe2 a6 14. Nbd2 Qe7 15. Nc4
Bc7 16. Nce5 Nxe5 17. Nxe5 Ba4 18. Rfc1 Rfd8 19. h3 Qg5 20. Nf3 Qe7 21. Ne5 Qg5
22. Nf3 1/2-1/2

[Event "XXIX Andorra Open"]
[Site "Arinsal AND"]
[Date "2011.07.22"]
[Round "7.5"]
[White "Caspi, Israel"]
[Black "Del Rio De Angelis, Salvador G."]
[Result "1/2-1/2"]
[WhiteTitle "IM"]
[BlackTitle "GM"]
[WhiteElo "2443"]
[BlackElo "2509"]
[WhiteFideId "2807394"]
[BlackFideId "2203138"]
[EventDate "2011.07.16"]
[EventType "swiss"]

1. e4 e6 2. d4 d5 3. Nd2 c5 4. Ngf3 cxd4 5. Nxd4 Nf6 6. exd5 Qxd5 7. Nb5 Na6 8.
c4 Qc6 9. Nf3 Bb4+ 10. Bd2 O-O 11. Bxb4 Nxb4 12. Be2 a6 13. Nbd4 Qc7 14. Qd2 Nc6
15. Nxc6 bxc6 16. O-O e5 17. Rad1 Bg4 18. h3 Bxf3 19. Bxf3 e4 20. Be2 c5 21. Qc3
Rad8 22. a3 a5 23. b3 Qb6 24. Rxd8 Rxd8 25. Rb1 Rb8 26. Bd1 Ne8 27. Bc2 Nd6 28.
Rd1 Nf5 29. Bxe4 Nd4 30. Kh1 g6 31. Rb1 Nxb3 32. a4 Qd6 33. Bd5 Nd4 34. Re1 Rb4
35. Qe3 Kg7 36. Qe8 Qf4 37. Re7 Rb1+ 38. Re1 Rxe1+ 39. Qxe1 h5 40. g3 Qc7 41. h4
Kf8 42. Kg2 Nc6 43. Qe3 Ne7 44. Qf3 Nf5 1/2-1/2

[Event "XXIX Andorra Open"]
[Site "Arinsal AND"]
[Date "2011.07.22"]
[Round "7.6"]
[White "Venkatesh, M.R."]
[Black "Hamdouchi, Hicham"]
[Result "0-1"]
[WhiteTitle "IM"]
[BlackTitle "GM"]
[WhiteElo "2480"]
[BlackElo "2628"]
[WhiteFideId "5005779"]
[BlackFideId "9000011"]
[EventDate "2011.07.16"]
[EventType "swiss"]

1. e4 d6 2. d4 Nf6 3. Nc3 g6 4. Nf3 Bg7 5. Be3 a6 6. a4 O-O 7. Qd2 Nc6 8. d5 Nb4
9. a5 e6 10. dxe6 Bxe6 11. Nd4 Ng4 12. Nd1 Nxe3 13. Nxe3 Nc6 14. Nxe6 fxe6 15.
Bc4 Qf6 16. O-O Rae8 17. Ra3 Qxb2 18. Rb3 Qd4 19. Bd3 Rb8 20. Rfb1 Qa7 21. Bc4
Kh8 22. Ng4 Qd4 23. Qxd4 Bxd4 24. Bxe6 Nxa5 25. Rd3 Bc5 26. e5 Nc6 27. exd6 cxd6
28. Rd2 h5 29. Ne3 Rbe8 0-1

[Event "XXIX Andorra Open"]
[Site "Arinsal AND"]
[Date "2011.07.22"]
[Round "7.7"]
[White "Almeida Quintana, Omar"]
[Black "Norwood, David R"]
[Result "1-0"]
[WhiteTitle "GM"]
[BlackTitle "GM"]
[WhiteElo "2548"]
[BlackElo "2491"]
[WhiteFideId "3503313"]
[BlackFideId "400106"]
[EventDate "2011.07.16"]
[EventType "swiss"]

1. d4 g6 2. c4 Bg7 3. Nf3 c5 4. d5 d6 5. e4 Nf6 6. Nc3 O-O 7. h3 Na6 8. Bd3 Nc7
9. O-O a6 10. a4 e6 11. a5 Rb8 12. Na4 Nd7 13. Bf4 b5 14. axb6 Nxb6 15. Nc3 e5
16. Bd2 f5 17. Rb1 a5 18. Re1 Na6 19. b3 Nb4 20. Bf1 Nd7 21. exf5 gxf5 22. Ng5
Nf6 23. Nb5 Re8 24. Ne6 Bxe6 25. dxe6 Rxe6 26. Qf3 f4 27. Bxb4 axb4 28. Rbd1 Qe7
29. Ra1 Rb7 30. Ra8+ Bf8 31. Rea1 Qg7 32. Rc8 Rf7 33. Ra6 e4 34. Qxf4 e3 35.
fxe3 Ne4 36. Qg4 Qxg4 37. hxg4 Nd2 38. Bd3 Rxe3 39. Rxd6 Kg7 40. Rd5 Be7 41. Nd6
Bxd6 42. Rxd6 Nxb3 43. g5 Ra7 44. Rdd8 Nd4 45. Rg8+ Kf7 46. Rcf8+ Ke6 47. Rf6+
Kd7 48. Rf7+ 1-0

[Event "XXIX Andorra Open"]
[Site "Arinsal AND"]
[Date "2011.07.22"]
[Round "7.8"]
[White "Marin, Mihail"]
[Black "Tania, Sachdev"]
[Result "0-1"]
[WhiteTitle "GM"]
[BlackTitle "IM"]
[WhiteElo "2548"]
[BlackElo "2419"]
[WhiteFideId "1200020"]
[BlackFideId "5007844"]
[EventDate "2011.07.16"]
[EventType "swiss"]

1. d4 d5 2. Nf3 Nf6 3. c4 e6 4. e3 Be7 5. b3 O-O 6. Bd3 b6 7. O-O Bb7 8. Bb2 c5
9. Nc3 Nc6 10. Rc1 Rc8 11. Re1 Re8 12. cxd5 exd5 13. Bf5 Rb8 14. dxc5 Bxc5 15.
Nb5 Ne4 16. Nbd4 Ne7 17. Bh3 Bc8 18. Bxc8 Rxc8 19. Qe2 f6 20. Qb5 Qd6 21. Rc2
Red8 22. Rec1 a6 23. Qd3 b5 24. Ne2 Nc6 25. a3 b4 26. a4 Ne5 27. Nxe5 fxe5 28.
Ng3 Nxg3 29. hxg3 d4 30. e4 Rc7 31. Rc4 Rdc8 32. R1c2 Bb6 33. Rxc7 Rxc7 34. Rxc7
Bxc7 35. Bc1 Qc6 36. Bd2 a5 37. g4 h6 38. g3 Qe6 39. f3 Bd8 40. Kf2 Bg5 41. f4
Be7 42. Kf3 Kf8 43. fxe5 g5 44. Be1 Qxe5 45. Qc4 Qf6+ 46. Ke2 Bd6 47. Qc8+ Ke7
48. Qb7+ Kd8 49. Qd5 Ke7 50. Bf2 Be5 51. Ke1 Qd6 52. Qb7+ Kd8 53. Qa8+ Ke7 54.
Qa7+ Ke8 55. Qa8+ Ke7 56. Qa7+ Ke8 57. Qxa5 Bxg3 58. Qb5+ Ke7 59. Qf5 Bxf2+ 60.
Qxf2 Qc5 61. Qf3 Qc1+ 62. Qd1 Qe3+ 63. Kf1 d3 64. Qe1 Qf4+ 65. Kg1 Qxg4+ 66. Kf1
Qf4+ 67. Kg2 d2 68. Qe2 g4 0-1

[Event "XXIX Andorra Open"]
[Site "Arinsal AND"]
[Date "2011.07.22"]
[Round "7.9"]
[White "Gonzalez Vidal, Yuri"]
[Black "Wegerle, Joerg"]
[Result "1/2-1/2"]
[WhiteTitle "GM"]
[BlackTitle "IM"]
[WhiteElo "2503"]
[BlackElo "2446"]
[WhiteFideId "3503321"]
[BlackFideId "4644743"]
[EventDate "2011.07.16"]
[EventType "swiss"]

1. e4 c5 2. Nf3 a6 3. c3 d5 4. exd5 Qxd5 5. d4 Nf6 6. Be2 g6 7. c4 Qd6 8. d5 Bg7
9. Nc3 O-O 10. O-O Bg4 11. Re1 Nbd7 12. h3 Bxf3 13. Bxf3 Nb6 14. Qb3 Nfd7 15.
Bg5 Ne5 16. Be2 Nc8 17. Rad1 b6 18. Bf1 h6 19. Bd2 Qc7 20. Kh1 Nd7 21. g3 Nf6
22. Bf4 Nd6 23. Be5 Rfe8 24. a4 Nd7 25. Bxg7 Kxg7 26. Bd3 Nf6 27. Qc2 Rad8 28.
b3 Qc8 29. Kg2 h5 30. h4 e6 31. dxe6 Rxe6 32. Rxe6 Qxe6 33. Qc1 Qe5 34. Bb1 Nb7
35. Re1 Qd4 36. Re7 Rd7 37. Ne2 Qd6 38. Rxd7 Nxd7 39. Qc3+ Qe5 40. Qd3 Nf6 41.
f4 1/2-1/2

[Event "XXIX Andorra Open"]
[Site "Arinsal AND"]
[Date "2011.07.22"]
[Round "7.12"]
[White "Bykov, Alexey1"]
[Black "Das, Arghyadip"]
[Result "0-1"]
[WhiteTitle "FM"]
[BlackTitle "IM"]
[WhiteElo "2278"]
[BlackElo "2471"]
[WhiteFideId "4165365"]
[BlackFideId "5003610"]
[EventDate "2011.07.16"]
[EventType "swiss"]

1. e4 c5 2. Nf3 d6 3. c3 Nf6 4. Be2 Nbd7 5. d3 b6 6. O-O Bb7 7. Nbd2 g6 8. Re1
Bg7 9. Bf1 Ne5 10. d4 Nxf3+ 11. Qxf3 O-O 12. Qd3 cxd4 13. cxd4 Rc8 14. b3 Qc7
15. Ba3 Qc2 16. e5 dxe5 17. dxe5 Qxd3 18. Bxd3 Nd5 19. Nc4 Ba8 20. Be4 b5 21.
Bxd5 Bxd5 22. Ne3 Be6 23. Bxe7 Bxe5 24. Bxf8 Bxa1 25. Rxa1 Kxf8 26. Kf1 a5 27.
Ke2 f5 28. g3 b4 29. Kd2 Rd8+ 30. Kc2 f4 31. gxf4 Rd4 32. f3 Rxf4 33. Rf1 Ke7
34. Kd3 Kd6 35. Ng2 Rf8 36. Ne3 Rc8 37. Kd4 a4 38. Rb1 axb3 39. axb3 Rc3 40.
Nc4+ Kc6 41. Re1 Bxc4 42. bxc4 Rxf3 43. Re6+ Kd7 44. Rb6 b3 45. c5 Rh3 46. Kc4
Rxh2 47. Rxb3 g5 48. Kd5 Rd2+ 49. Ke5 h5 50. Rb6 h4 51. Rg6 Rg2 52. Rh6 Rg3 53.
Kd5 h3 54. Rh7+ Kd8 55. c6 g4 56. Rh8+ Kc7 57. Rh7+ Kb6 58. Rb7+ Ka6 59. Rh7 Rg2
60. Kd6 h2 61. Rh8 g3 62. c7 Rc2 63. Ra8+ Kb7 64. Rb8+ Ka7 65. Rb2 h1=Q 0-1

[Event "XXIX Andorra Open"]
[Site "Arinsal AND"]
[Date "2011.07.22"]
[Round "7.13"]
[White "Rodriguez Guerrero, Enrique"]
[Black "Hamdouchi, Adina-Maria"]
[Result "1-0"]
[WhiteTitle "GM"]
[BlackTitle "WGM"]
[WhiteElo "2449"]
[BlackElo "2266"]
[WhiteFideId "2216892"]
[BlackFideId "1206435"]
[EventDate "2011.07.16"]
[EventType "swiss"]

1. e4 d6 2. d4 Nf6 3. Nc3 g6 4. Be3 c6 5. Qd2 b5 6. Bd3 Nbd7 7. Nf3 e5 8. dxe5
dxe5 9. h3 Bb7 10. O-O Bg7 11. a4 a6 12. Ne2 Qe7 13. Ng3 Nc5 14. axb5 cxb5 15.
b4 Ne6 16. Nxe5 Nh5 17. Nxh5 Bxe5 18. Ng3 Bxa1 19. Rxa1 O-O 20. f4 f6 21. Rf1
Rf7 22. h4 Ng7 23. Bc5 Qd7 24. f5 Re8 25. h5 gxf5 26. exf5 Kh8 27. Rf2 Qc7 28.
Rf4 Rg8 29. Bf1 Ne8 30. Ne2 Rfg7 31. Rf2 Rg5 32. Nf4 Rxf5 33. Bd4 Rg4 34. Qe2
Rfxf4 35. Qxe8+ Rg8 36. Qe3 Rxd4 37. Qxd4 Qe5 38. Qb6 Qe7 39. Rxf6 Rc8 40. Qd4
Kg8 41. Rf4 1-0

[Event "XXIX Andorra Open"]
[Site "Arinsal AND"]
[Date "2011.07.22"]
[Round "7.15"]
[White "Porat, Maya"]
[Black "Mascaro March, Pedro"]
[Result "1/2-1/2"]
[BlackTitle "IM"]
[WhiteElo "2274"]
[BlackElo "2413"]
[WhiteFideId "2808072"]
[BlackFideId "2217570"]
[EventDate "2011.07.16"]
[EventType "swiss"]

1. d4 Nf6 2. c4 e6 3. Nc3 Bb4 4. g3 d5 5. Nf3 dxc4 6. Bg2 Nc6 7. O-O O-O 8. Qa4
Bd7 9. Qc2 Rb8 10. Rd1 Be7 11. e4 b5 12. Qe2 b4 13. d5 Na5 14. dxe6 fxe6 15. Nb1
Qe8 16. Bf4 Rc8 17. Rc1 Bc5 18. Ne5 Bb5 19. Qe1 Nd7 20. Nxd7 Qxd7 21. Nd2 Rcd8
22. Nf3 Nc6 23. e5 a5 24. Ng5 Be7 25. Qe4 g6 26. Bh3 Nd4 27. Rd1 Bxg5 28. Bxg5
c5 29. Bxd8 Bc6 30. Rxd4 cxd4 31. Qg4 Rxd8 32. Qxe6+ Qxe6 33. Bxe6+ Kf8 34. Bxc4
Bf3 35. Bd3 1/2-1/2

[Event "XXIX Andorra Open"]
[Site "Arinsal AND"]
[Date "2011.07.22"]
[Round "7.16"]
[White "Panelo, Marcelo"]
[Black "Kogan, Pavel"]
[Result "1-0"]
[WhiteTitle "IM"]
[WhiteElo "2413"]
[BlackElo "2221"]
[WhiteFideId "104213"]
[BlackFideId "2804425"]
[EventDate "2011.07.16"]
[EventType "swiss"]

1. d4 d5 2. c4 e6 3. Nc3 Nf6 4. cxd5 exd5 5. Bg5 Be7 6. e3 c6 7. Bd3 Nbd7 8. Qc2
Nf8 9. Nf3 Ne6 10. Bh4 g6 11. Rb1 O-O 12. b4 a6 13. O-O Nh5 14. Bxe7 Qxe7 15. a4
Rd8 16. Rfc1 a5 17. b5 c5 18. dxc5 Nxc5 19. Nd4 Ng7 20. b6 Be6 21. Ncb5 Na6 22.
Qd2 Nb4 23. Rc7 Rd7 24. Rbc1 Ne8 25. R7c5 Na6 26. R5c3 Qd8 27. h4 Qxb6 28. h5
Rdd8 29. Qb2 Nb4 30. Nc7 Nxc7 31. Rxc7 gxh5 32. Bf5 Bxf5 33. Nxf5 d4 34. Qb3 Nd5
35. Qxb6 Nxb6 36. Rxb7 Rab8 37. Ra7 dxe3 38. fxe3 Ra8 39. Nh6+ Kg7 40. Rxf7+
Kxh6 41. Rc6+ Kg5 42. Rxb6 Rd5 43. Rxh7 Rg8 44. Kh2 Re5 45. Rf7 Rxe3 46. Rb5+
Kh4 47. Rff5 Rg5 48. Rxa5 Re2 49. Rxg5 Rxg2+ 50. Kh1 1-0

[Event "XXIX Andorra Open"]
[Site "Arinsal AND"]
[Date "2011.07.22"]
[Round "7.17"]
[White "Villegas, Pierre"]
[Black "Klenburg, Mikhail"]
[Result "1-0"]
[BlackTitle "IM"]
[WhiteElo "2255"]
[BlackElo "2412"]
[WhiteFideId "654183"]
[BlackFideId "14102072"]
[EventDate "2011.07.16"]
[EventType "swiss"]

1. d4 d6 2. c4 e5 3. d5 Be7 4. e4 Nf6 5. Nc3 O-O 6. Bd3 c6 7. Nge2 Nh5 8. O-O g6
9. Bh6 Ng7 10. Qd2 Nd7 11. Bc2 Nf6 12. f3 Kh8 13. Kh1 Ng8 14. Be3 f5 15. exf5
Nxf5 16. Bxf5 gxf5 17. f4 Nf6 18. dxc6 bxc6 19. c5 exf4 20. Nxf4 dxc5 21. Qc2
Qa5 22. Rad1 Rb8 23. Rfe1 Rf7 24. Bc1 c4 25. Qe2 Bd7 26. Qxc4 Rg7 27. a3 Qc5 28.
Qxc5 Bxc5 29. b4 Bb6 30. Bb2 Ng4 31. Ne4 fxe4 32. Bxg7+ Kxg7 33. Rxd7+ Kh8 34.
g3 e3 35. Nd3 Rf8 36. Kg2 Rf5 37. Re2 Ne5 38. Nxe5 Rxe5 39. Rd3 Kg7 40. Rc3 Re6
41. Kf1 Rd6 42. Kg2 Re6 43. Rc4 Rd6 44. Kf3 Rf6+ 45. Rf4 Re6 46. Rc2 1-0

[Event "XXIX Andorra Open"]
[Site "Arinsal AND"]
[Date "2011.07.22"]
[Round "7.18"]
[White "Marin, Irina-Luiza"]
[Black "Mullon, Jean-Baptiste"]
[Result "0-1"]
[WhiteTitle "WIM"]
[BlackTitle "IM"]
[WhiteElo "2164"]
[BlackElo "2400"]
[WhiteFideId "1201778"]
[BlackFideId "613606"]
[EventDate "2011.07.16"]
[EventType "swiss"]

1. c4 g6 2. g3 Nf6 3. Bg2 d5 4. cxd5 Nxd5 5. Nc3 Nb6 6. Nf3 Bg7 7. O-O e5 8. d3
O-O 9. Be3 Nc6 10. Qd2 Re8 11. Rac1 Nd4 12. Rfe1 Bg4 13. Ng5 c6 14. h3 Bc8 15.
Nge4 Nf5 16. Bc5 Nd7 17. Ba3 Nf8 18. g4 Nh4 19. Bh1 h5 20. Nd6 Re6 21. Nxc8 Rxc8
22. Ne4 hxg4 23. hxg4 Nh7 24. Qe3 b6 25. b4 f5 26. Nc3 fxg4 27. Qg3 Qg5 28. Ne4
Qh5 29. b5 Bh6 30. e3 c5 31. Bb2 Rf8 32. Rc4 Rf3 33. Qh2 Rh3 34. Qxh3 gxh3 35.
Ng3 Nf3+ 36. Kf1 Nd2+ 37. Kg1 h2+ 0-1

[Event "XXIX Andorra Open"]
[Site "Arinsal AND"]
[Date "2011.07.22"]
[Round "7.20"]
[White "Ben Porat, Or"]
[Black "Gagarin, Vasilij"]
[Result "1/2-1/2"]
[BlackTitle "IM"]
[WhiteElo "2160"]
[BlackElo "2428"]
[WhiteFideId "2809516"]
[BlackFideId "4103610"]
[EventDate "2011.07.16"]
[EventType "swiss"]

1. e4 c5 2. Nf3 d6 3. d4 cxd4 4. Nxd4 Nf6 5. Nc3 a6 6. Bg5 Nbd7 7. Bc4 Qb6 8.
Bb3 e6 9. Qd2 Be7 10. O-O Nc5 11. Rfe1 h6 12. Bxf6 Bxf6 13. Rad1 O-O 14. Kh1 Qc7
15. f4 b5 16. f5 b4 17. Na4 Nxa4 18. Bxa4 exf5 19. exf5 Qc5 20. Nc6 Bxf5 21.
Qxd6 Qxd6 22. Rxd6 Rfe8 23. Rf1 Bxb2 24. Nd4 Bxd4 25. Bxe8 Rxe8 26. Rxd4 a5 27.
Rd5 Bxc2 28. Rxa5 b3 29. axb3 Bxb3 30. h3 Re2 31. Rf3 Be6 32. Kh2 g6 33. Ra8+
Kg7 34. Rd8 h5 35. Rd4 g5 36. h4 Bg4 37. Rg3 gxh4 38. Rgxg4+ 1/2-1/2

[Event "XXIX Andorra Open"]
[Site "Arinsal AND"]
[Date "2011.07.23"]
[Round "8.1"]
[White "Hamdouchi, Hicham"]
[Black "Georgiev, Kiril"]
[Result "1/2-1/2"]
[WhiteTitle "GM"]
[BlackTitle "GM"]
[WhiteElo "2628"]
[BlackElo "2654"]
[WhiteFideId "9000011"]
[BlackFideId "2900017"]
[EventDate "2011.07.16"]
[EventType "swiss"]

1. e4 e5 2. Nf3 Nf6 3. Nxe5 d6 4. Nf3 Nxe4 5. Nc3 Nf6 6. d4 Be7 7. Bd3 O-O 8.
Ne2 Re8 9. O-O Nbd7 10. Ng3 Bf8 11. c4 g6 12. h3 Bg7 13. Bg5 b6 14. Qd2 Bb7 15.
Nh2 Qe7 16. Ng4 Qf8 17. Nxf6+ Bxf6 18. Bxf6 Nxf6 19. Qg5 Qg7 20. Rae1 h6 21. Qf4
Rxe1 22. Rxe1 Re8 23. Rxe8+ Nxe8 24. Qe3 Kf8 25. b4 Nf6 26. a4 h5 27. a5 Qh8 28.
Ne2 Kg7 29. Nc3 Qd8 30. d5 Ba6 31. Qd4 Qe7 32. Ne4 Bc8 33. Nc3 Bd7 34. Kf1 Kg8
35. Ne4 Nxe4 36. Bxe4 Qh4 37. axb6 axb6 38. Qe3 Qf6 39. Kg1 Kg7 40. f4 Qb2 41.
b5 Qf6 42. Bd3 h4 43. Be2 Bf5 44. Bg4 Bb1 45. Kh2 Kf8 46. Qd2 1/2-1/2

[Event "XXIX Andorra Open"]
[Site "Arinsal AND"]
[Date "2011.07.23"]
[Round "8.2"]
[White "Arizmendi Martinez, Julen Luis"]
[Black "Zoler, Dan"]
[Result "1/2-1/2"]
[WhiteTitle "GM"]
[BlackTitle "IM"]
[WhiteElo "2555"]
[BlackElo "2527"]
[WhiteFideId "2205092"]
[BlackFideId "2800705"]
[EventDate "2011.07.16"]
[EventType "swiss"]

1. d4 Nf6 2. c4 e6 3. Nc3 Bb4 4. e3 O-O 5. Bd3 c5 6. Ne2 d5 7. cxd5 cxd4 8. exd4
Nxd5 9. O-O Nc6 10. Nxd5 exd5 11. Nf4 Bd6 12. Re1 Qf6 13. Nxd5 Qxd4 14. Be3 Qh4
15. g3 Qg4 16. f4 Rd8 17. Be4 Qxd1 18. Raxd1 Bg4 19. Rc1 Nb4 20. Nc3 Bf8 21.
Bxb7 Rab8 22. Be4 f5 23. Bb1 Nd3 24. Bxd3 Rxd3 25. Rc2 a5 26. a3 Re8 27. Bf2 Rc8
28. Rec1 Bh3 29. Bb6 Rc6 30. Ba7 Rc7 31. Bb6 Rcd7 32. Ne2 a4 33. Bc5 Bxc5+ 34.
Rxc5 Rb3 35. Rc8+ Kf7 36. R8c7 Rxc7 37. Rxc7+ Kg6 38. Rc2 Rf3 39. Rc1 Rd3 40.
Rc2 Rf3 41. Rc1 Rb3 42. Rc2 Rf3 1/2-1/2